| 000 | 00395nam a2200145Ia 4500 | ||
|---|---|---|---|
| 008 | 230312s9999||||xx |||||||||||||| ||und|| | ||
| 020 | _a978-1118-400081 | ||
| 082 |
_a303.482 _bNAK-H |
||
| 100 | _aNakayama;Thomas.K | ||
| 245 | 0 | _aHandbook of Critical Intercultural Communication | |
| 260 |
_bWiley Blackwell _aIndia _c2010 |
||
| 300 | _a630 | ||
| 650 |
_aMass com _vSocial Science |
||
| 942 | _cBK | ||
| 999 |
_c14006 _d14006 |
||